LEADER 01750oam 2200481I 450 001 9910704476503321 005 20130328111930.0 035 $a(CKB)5470000002440927 035 $a(OCoLC)828683301 035 $a(EXLCZ)995470000002440927 100 $a20130228d1987 ua 0 101 0 $aeng 135 $aurbn||||||||| 181 $ctxt$2rdacontent 182 $cc$2rdamedia 183 $acr$2rdacarrier 200 10$aDevelopment of an impact- and solvent-resistant thermoplastic composite matrix, phase IV $efinal report /$fC. B. Delano 210 1$aHampton, Va. :$cInstitute for Computer Applications in Science and Engineering, NASA Langley Research Center,$d[1987] 215 $a1 online resource (xi, 113 pages) $cillustrations 225 1 $aNASA contractor report ;$v178413 300 $aTitle from title screen (viewed on Feb. 28, 2013). 300 $a"September 1987." 320 $aIncludes bibliographical references (page 87). 517 $aDevelopment of an impact- and solvent-resistant thermoplastic composite matrix, phase IV 606 $aComposite materials$2nasat 606 $aImpact resistance$2nasat 606 $aMatrix materials$2nasat 606 $aPolyimides$2nasat 606 $aThermoplastic resins$2nasat 615 7$aComposite materials. 615 7$aImpact resistance. 615 7$aMatrix materials. 615 7$aPolyimides. 615 7$aThermoplastic resins. 700 $aDelano$b C. B.$01419055 712 02$aLangley Research Center, 801 0$bGPO 801 1$bGPO 801 2$bGPO 906 $aBOOK 912 $a9910704476503321 996 $aDevelopment of an impact- and solvent-resistant thermoplastic composite matrix, phase IV$93532315 997 $aUNINA